| 000 | 00555nam a2200157 a 4500 | ||
|---|---|---|---|
| 001 | 000029080 | ||
| 005 | 20200930055322.0 | ||
| 008 | 110413s1987 dr 000 0 spa d | ||
| 040 |
_aDO-SdBNP _bspa _cBNPHU |
||
| 100 | 1 |
_aRosa, Jesús de la _919724 |
|
| 245 | 3 |
_aEl estado, el cones y la UASD / _cJesús de la Rosa. |
|
| 260 |
_aSanto Domingo : _bEditora Universitaria, _c1987. |
||
| 490 | 1 |
_aUniversidad Autónoma de Santo Domingo _v553 _aUASD Crítica _n33 |
|
| 830 | 0 |
_aUniversidad Autónoma de Santo Domingo _v553 _pUASD Crítica _n33 _955980 |
|
| 049 | _aBNPD | ||
| 999 |
_c28572 _d28572 |
||